000
00311nam a2200133Ia 4500
008
220204s9999 xx 000 0 und d
082
_a
028.289583
_b
WAL
100
_a
Blackwell, John
245
0
_a
Biopolymers
260
_a
New York
_b
Academic
_c
1973
650
_a
Biopolymers
700
_a
Alan G
942
_c
BK
999
_c
30129
_d
30129